000 00949nam a2200301 4500
001 2267
010 _a9789727842124
021 _aPT
_b257213/07
035 _a(bn)1744492
090 _a2267
100 _a20100428d2007 m y0pory5003 ba
101 1 _cger
105 _ay z 000yy
106 _ar
200 1 _aCredo para hoje
_eem que acreditam os cristãos
_fBento XVI
_gtrad. José António Correia Pereira
_grev. Amador Pereira Carreira
210 _aBraga
_cEditorial Franciscana,
_dD.L. 2007
215 _a214 p.
_d20 cm
304 _aTít. orig.: Credo für Heute
600 _aBento XVI
601 _aEditorial Franciscana,
675 _a272-284
_vBN
_zpor
675 _a272-184
_vBN
_zpor
675 _a272-282
_vBN
_zpor
702 1 _aPereira,
_bJosé António Correia,
_f1945-
_cO.F.M.
_4730
702 1 _aCarreira,
_bAmador Pereira,
_cO.F.M.
_4675
710 0 2 _aIgreja Católica.
_bPapa,
_c2005-2013 (Bento XVI)
801 0 _aPT
_bBN
_gRPC
942 _cBK